Countries Most Similar To Armenia - Statistics

General Stats
  • This quiz has been taken 226 times
  • The average score is 13 of 20
Answer Stats
Rank Country Score % Correct
1 Georgia 73.2
97%
14 Russia 65.6
87%
9 Azerbaijan 67.5
85%
18 Greece 64.2
79%
5 Ukraine 68.5
73%
4 Serbia 69.6
72%
7 Romania 68.2
71%
2 Moldova 70.4
70%
10 Bulgaria 67.1
68%
17 Kazakhstan 64.2
62%
11 Albania 66.1
61%
6 North Macedonia 68.3
60%
8 Belarus 67.8
58%
19 Croatia 64
58%
13 Montenegro 65.7
53%
3 Kyrgyzstan 70.3
51%
15 Hungary 65.6
48%
12 Slovakia 65.9
46%
16 Tajikistan 65.1
42%
20 Lithuania 63.6
39%
No matching quizzes found
Score Distribution
Percent of People with Each Score
Percentile by Number Answered
Your Score History
You have not taken this quiz